000 00334nam a2200145Ia 4500
005 20251222175939.0
008 251222s9999||||xx |||||||||||||| ||spa||
020 _a9788447357987
082 _a813.54/C78
100 _aCornwell, Patricia
245 0 _aPredator
250 _a1ra.ed.
264 _bEBA Ediciones, S.A.
942 _cLIB
999 _c41298
_d41298